| 000 | 01470nam0a22003611 4500 | ||
|---|---|---|---|
| 001 | RU\NLR\Evr\9564 | ||
| 005 | 20251202160538.0 | ||
| 035 | _a(NLR Aleph) 011425937 | ||
| 090 |
_a11627579 _c11627579 |
||
| 100 | _a20160519d1989 u y0rusy50 ca | ||
| 101 | 0 |
_ayid _arus |
|
| 102 | _aRU | ||
| 105 | _ay ||||||||| | ||
| 200 | 1 |
_6a01 _7ba _aShmuesn vegn yidisher shprakh _fMoyshe Shapiro |
|
| 210 |
_6a01 _aMoskve _cSovetski pisatel _d1989 _7ca |
||
| 210 |
_6a01 _9z02 _aמאָסקווע _cסאָוועטסקי פיסאטעל _d1989 |
||
| 210 |
_9z02 _aМосква _cСоветский писатель _d1989 _7ca |
||
| 215 |
_a128 с. _d17 см. |
||
| 225 | 1 |
_6a01 _7ba _aBibliotek fun "Sovetish Heymland" _v№ 5-6 (101-102) |
|
| 225 | 1 |
_6a01 _9z02 _aביבליאָטעק פון סאָוועטיש היימלאנד _v№6-5 (102-101) |
|
| 225 | 1 |
_7ca _9z02 _aБиблиотека [журнала] "Советиш Геймланд" _v№ 5-6 (101-102) |
|
| 510 | 1 |
_6a01 _aשמועסן וועגן יידישער שפּראך _fמוישע שאפּיראָ |
|
| 517 | 1 |
_aБеседы на языке идиш _zrus |
|
| 541 | 1 |
_aБеседы о языке идиш _zrus |
|
| 700 | 1 |
_6a01 _aШапиро _bМ. _f1899-1973 _gМойше _3RU\NLR\AUTH\7949204 _4070 _7ca |
|
| 801 | 0 |
_aRU _bNLR _c20160519 _gpsbo |
|
| 801 | 0 |
_aRU _bNLR _gPSBO |
|
| 801 | 1 |
_aRU _bNLR _c20160519 _2rusmarc |
|
| 852 |
_aNLR _bОЛСАА/идиш _j2-2290 |
||
| 942 | _cBOOK | ||
| 980 | _aNB | ||
| 980 | 1 | _aIDISH | |